00353nam a2200121Ia 4500008004100000082001000041100004500051245001400096260008500110300000800195630001400203730001400217100204s9999 xx 000 0 und d b20238 aमाडगूळकर ग. दि. aवेग b"पंडित अनंत कुलकर्णी , पुणे"c1997 a150 aवेग aवेग